logo

Bir Sreshtho Munshi Abdur Rouf Library
Jhenaidah Cadet College

কমপিউটার ভাইরাস / (Record no. 11933)

MARC details
000 -LEADER
fixed length control field 00731nam a22002297a 4500
001 - CONTROL NUMBER
JCCL Control Number 11933
003 - CONTROL NUMBER IDENTIFIER
JCCL marc code BD-JhCC
005 - DATE AND TIME OF LATEST TRANSACTION
control field 20201202085823.0
008 - FIXED-LENGTH DATA ELEMENTS--GENERAL INFORMATION
fixed length control field 201202b19992012bg a|||| ||a| 000 0 mul d
020 ## - INTERNATIONAL STANDARD BOOK NUMBER
International Standard Book Number 9789848980286
035 ## - SYSTEM CONTROL NUMBER
system control number (BD-JhCC)11933
040 ## - CATALOGING SOURCE
Original cataloging agency BD-JhCC
Modifying agency BD-JhCC
041 ## - LANGUAGE CODE
Language code of Book mul
082 ## - DEWEY DECIMAL CLASSIFICATION NUMBER
Classification number 005.8
Author mark and Year RAH 2012
100 ## - MAIN ENTRY--PERSONAL NAME
Personal name রহমান,মাবুবুর
245 ## - TITLE STATEMENT
Title কমপিউটার ভাইরাস /
Statement of responsibility, etc মাবুবুর রহমান ।
260 ## - PUBLICATION, DISTRIBUTION, ETC. (IMPRINT)
Place of publication, distribution, etc ঢাকা:
Name of publisher, distributor, etc সিসটেক পাবলিকেশন;
Date of publication, distribution, etc ২০১২.
300 ## - PHYSICAL DESCRIPTION
Pagination 207 p. :
Other physical details ill;
Dimensions 22 cm.
650 ## - SUBJECT ADDED ENTRY--TOPICAL TERM
Topical term or geographic name as entry element Computer programs
General subdivision Computer security
Geographic subdivision Computer viruses
942 ## - ADDED ENTRY ELEMENTS (KOHA)
Source of classification or shelving scheme Dewey Decimal Classification
Koha item type Books
Holdings
Source of classification or shelving scheme Damaged status Not for loan Home library Current library Shelving location Date of accession Source of acquisition Cost, normal purchase price Total Checkouts Full call number Barcode Date last seen Date checked out Copy number Koha item type
Dewey Decimal Classification     JCC Rouf Library JCC Rouf Library General Stacks 12/02/2020 Lt. Gen. Mahfuzur Rahman (10th intake) 90.00 2 005.8 RAH 2012 16526 02/15/2024 02/11/2024 C-1 Books

JCC Library | Contacts | JCC Home

Last Update on 23 September 2017
Copyright @ 2017-2020 JCC Rouf Library
Rouf Library, Jhenidah Cadet College (JCC), Bangladesh